000 nam a22 a 4500
999 _c4716
_d4716
003 AKMAL
005 20170731162559.0
008 170731s2017 my e l 000 0 may d
020 _cRM35.00
082 0 4 _a342.595082 MAL
_223
090 0 0 _a342.595082
_bMAL
110 1 _aMalaysia,
_ejurisdiction governed.
_9400
245 1 0 _aAKTA PENDAFTARAN NEGARA 1959 (AKTA 78) dan PERATURAN-PERATURAN :
_b(mengandungi pindaan sehingga Januari 2017) /
_cDisusun oleh, Penasihat Undang-Undang MDC
260 _aKuala Lumpur:
_bMDC Publishers,
_c2017.
300 _a45 pages ;
_c27cm
490 1 _aLAWS OF MALAYSIA
650 1 0 _aIdentification cards
_xLaw and legislation
_zMalaysia
_99038
650 2 0 _aRegisters of births, etc.
_xLaw and legislation
_zMalaysia
_99039
830 0 _aLaws of Malaysia
_91830
942 _2ddc
_cBOOK
950 _lAKMAL